000 00577cam a22002171 4500
001 ne 62000341
003 DLC
005 20260227111734.0
008 810619s1948 tu a 000 0 tur
010 _ane 62000341
035 _a(OCoLC)7515447
040 _aDLC
_cCLU
_dDLC
042 _apremarc
043 _aa-tu---
050 0 0 _aDR589
_b.U4
100 1 _aÜnüvar, Veysel.
245 1 0 _aİstiklâl Harbinde Bolşeviklerle sekiz ay, 1920-1921.
260 _aİstanbul,
_c1948.
300 _a87 p.
_billus.
_c20 cm.
651 0 _aTurkey
_xHistory
_yRevolution, 1918-1923.
999 _c45043
_d45043